Удельная энергия ударного генератора; Известия Томского политехнического института [Известия ТПИ]; Т. 132
| Parent link: | Известия Томского политехнического института [Известия ТПИ]/ Томский политехнический институт (ТПИ).— , 1944-1976 Т. 132.— 1965.— [С. 20-25] |
|---|---|
| المؤلف الرئيسي: | |
| مؤلفون آخرون: | |
| الملخص: | Заглавие с титульного листа Электронная версия печатной публикации |
| اللغة: | الروسية |
| منشور في: |
1965
|
| الموضوعات: | |
| الوصول للمادة أونلاين: | Черно-белая версия для предварительного просмотра Цветная версия без потери качества |
| التنسيق: | الكتروني فصل الكتاب |
| KOHA link: | https://koha.lib.tpu.ru/cgi-bin/koha/opac-detail.pl?biblionumber=204640 |
MARC
| LEADER | 00000nla2a2200000 4500 | ||
|---|---|---|---|
| 001 | 204640 | ||
| 005 | 20231031190115.0 | ||
| 035 | |a (RuTPU)RU\TPU\book\223078 | ||
| 035 | |a RU\TPU\book\223077 | ||
| 090 | |a 204640 | ||
| 100 | |a 20111130d1965 k y0rusy50 ca | ||
| 101 | 0 | |a rus | |
| 102 | |a RU | ||
| 135 | |a drnn ---uucaa | ||
| 181 | 0 | |a i | |
| 182 | 0 | |a b | |
| 200 | 1 | |a Удельная энергия ударного генератора |b Электронный ресурс |f Г. А. Сипайлов, К. А. Хорьков | |
| 203 | |a Текст |c электронный | ||
| 215 | |a 2 файла (276 Кб, 9.6 Мб) | ||
| 230 | |a Электронные текстовые данные (2 файла : 276 Кб, 9.6 Мб) | ||
| 300 | |a Заглавие с титульного листа | ||
| 300 | |a Электронная версия печатной публикации | ||
| 320 | |a [Библиогр.: с. 25 (4 назв.)] | ||
| 337 | |a Adobe Reader | ||
| 461 | 1 | |0 (RuTPU)RU\TPU\book\200995 |t Известия Томского политехнического института [Известия ТПИ] |f Томский политехнический институт (ТПИ) |d 1944-1976 | |
| 463 | 1 | |0 (RuTPU)RU\TPU\book\223064 |t Т. 132 |v [С. 20-25] |d 1965 |p 204 с. | |
| 610 | 1 | |a электронный ресурс | |
| 610 | 1 | |a труды учёных ТПУ | |
| 700 | 1 | |a Сипайлов |b Г. А. |c специалист в области электромеханики |c профессор Томского политехнического университета |f 1920-2004 |g Геннадий Антонович |2 stltpush |3 (RuTPU)RU\TPU\pers\12400 | |
| 701 | 1 | |a Хорьков |b К. А. |c российский ученый, специалист в области электротехники |c профессор кафедры робототехнических систем Томского политехнического университета |f 1936-2002 |g Константин Александрович |2 stltpush |3 (RuTPU)RU\TPU\pers\19881 | |
| 801 | 1 | |a RU |b 63413507 |c 20090320 |g PSBO | |
| 801 | 2 | |a RU |b 63413507 |c 20150908 |g PSBO | |
| 856 | 4 | |u http://www.lib.tpu.ru/fulltext/v/Bulletin_TPU/1965/v132/04_bw.pdf |z Черно-белая версия для предварительного просмотра | |
| 856 | 4 | |u http://www.lib.tpu.ru/fulltext/v/Bulletin_TPU/1965/v132/04_full.pdf |z Цветная версия без потери качества | |
| 942 | |c CF | ||